Manuale breve di Diritto delle Assicurazioni

Detalles Bibliográficos
Autor principal: Razzante, Ranieri
Formato: eBook
Lenguaje:italiano
Publicado: Bari : Cacucci Editore, 2006
Materias:
Acceso en línea:http://www.vlex.com/source/6806

MARC

LEADER 00000nam a22000007a 4500
005 20130214190444.0
007 cr|||| ||||
008 130214e2006 it |||||s|||| 00| 0 ita d
020 |a 8884225663 
035 |a 6806 
040 |a vLex 
090 |c 3641  |d 3641 
100 1 0 |a Razzante, Ranieri 
245 1 0 |a Manuale breve di Diritto delle Assicurazioni  |h [Recurso electrn̤ico]  
256 |a Servicio en ln̕ea 
260 |a Bari :  |b Cacucci Editore,   |c 2006 
300 |a 1 Recurso electrn̤ico 
650 0 4 |a Derecho mercantil y de la empresa  |z Italia 
650 0 4 |a Seguros  |z Italia 
740 |a vLex Libros (Servicio en ln̕ea) 
856 |a Acceso restringido  |u http://www.vlex.com/source/6806 
942 |c BOOK 
999 0 |a Commercial law